5HLuxD.jpg

KING HENRY VIII SENIOR AND PRIMARY SCHOOL LIBRARY OPAC

Cambridge IGCSE biology revision guide / (Record no. 672)

000 -LEADER
fixed length control field 01165nam a22003858i 4500
001 - CONTROL NUMBER
control field 021233627
003 - CONTROL NUMBER IDENTIFIER
control field UkOxU
005 - DATE AND TIME OF LATEST TRANSACTION
control field 20191014120753.0
008 - FIXED-LENGTH DATA ELEMENTS--GENERAL INFORMATION
fixed length control field 161205s2017 enk 000|0|eng|d
015 ## - NATIONAL BIBLIOGRAPHY NUMBER
National bibliography number GBB716545
Source bnb
016 7# - NATIONAL BIBLIOGRAPHIC AGENCY CONTROL NUMBER
Record control number 018213475
Source Uk
020 ## - INTERNATIONAL STANDARD BOOK NUMBER
International Standard Book Number 9780008210311 (pbk.) :
035 ## - SYSTEM CONTROL NUMBER
System control number (Uk)018213475
035 ## - SYSTEM CONTROL NUMBER
System control number (StEdALDL)1/3541658
040 ## - CATALOGING SOURCE
Original cataloging agency StDuBDS
Language of cataloging eng
Description conventions rda
Transcribing agency StDuBDS
049 ## - LOCAL HOLDINGS (OCLC)
Holding library CROBAR
082 04 - DEWEY DECIMAL CLASSIFICATION NUMBER
Classification number 570.76 JON
Edition number 23
100 ## - MAIN ENTRY--PERSONAL NAME
Personal name Jones, Mary
245 00 - TITLE STATEMENT
Title Cambridge IGCSE biology revision guide /
Statement of responsibility, etc. Mary Jones
246 30 - VARYING FORM OF TITLE
Title proper/short title Biology revision guide
263 ## - PROJECTED PUBLICATION DATE
Projected publication date 201704
264 #1 - PRODUCTION, PUBLICATION, DISTRIBUTION, MANUFACTURE, AND COPYRIGHT NOTICE
Place of production, publication, distribution, manufacture London :
Name of producer, publisher, distributor, manufacturer Letts Educational,
Date of production, publication, distribution, manufacture, or copyright notice 2017.
300 ## - PHYSICAL DESCRIPTION
Extent 1 volume ;
Other physical details ill. ;
Dimensions 30 cm
336 ## - CONTENT TYPE
Content type term text
Source rdacontent
337 ## - MEDIA TYPE
Media type term unmediated
Source rdamedia
338 ## - CARRIER TYPE
Carrier type term volume
Source rdacarrier
440 ## - SERIES STATEMENT/ADDED ENTRY--TITLE
Title Letts
650 #0 - SUBJECT ADDED ENTRY--TOPICAL TERM
Topical term or geographic name entry element Biology
General subdivision Examinations
Form subdivision Study guides.
650 #0 - SUBJECT ADDED ENTRY--TOPICAL TERM
Topical term or geographic name entry element International General Certificate of Secondary Education
Form subdivision Study guides.
902 ## - LOCAL DATA ELEMENT B, LDB (RLIN)
a Date before which claim should not be made: 20170508
942 ## - ADDED ENTRY ELEMENTS (KOHA)
Source of classification or shelving scheme
Koha item type Books - Non Ficton
980 ## - EQUIVALENCE OR CROSS-REFERENCE-SERIES STATEMENT--PERSONAL NAME/TITLE [LOCAL, CANADA]
Miscellaneous information 1
Date of a work 1/3541658
981 ## - EQUIVALENCE OR CROSS-REFERENCE-SERIES STATEMENT--CORPORATE NAME/TITLE [LOCAL, CANADA]
Date of meeting or treaty signing Agency file oxf2018-26.1
Holdings
Withdrawn status Lost status Source of classification or shelving scheme Damaged status Not for loan Collection code Permanent Location Current Location Shelving location Date acquired Total Checkouts Full call number Barcode Date last seen Date last checked out Copy number Price effective from Koha item type Total Renewals Date due
          Non-Fiction KH8 Senior School Library KH8 Senior School Library Non Fiction 2019-10-14 1 570.76 JON 3KHSL000101393 2022-12-15 2022-11-09 1 2019-10-14 Books - Non Ficton    
          Non-Fiction KH8 Senior School Library KH8 Senior School Library Non Fiction 2019-10-14 1 570.76 JON 3KHSL000101394 2020-01-16 2020-01-10 2 2019-10-14 Books - Non Ficton    
          Non-Fiction KH8 Senior School Library KH8 Senior School Library Non Fiction 2019-10-14   570.76 JON 3KHSL000101395 2024-07-02   3 2019-10-14 Books - Non Ficton    
          Non-Fiction KH8 Senior School Library KH8 Senior School Library Non Fiction 2019-10-14   570.76 JON 3KHSL000101396 2019-10-14   4 2019-10-14 Books - Non Ficton    
          Non-Fiction KH8 Senior School Library KH8 Senior School Library Non Fiction 2019-10-14 1 570.76 JON 3KHSL000101397 2025-08-15 2021-03-26 5 2019-10-14 Books - Non Ficton 1  
          Non-Fiction KH8 Senior School Library KH8 Senior School Library Non Fiction 2019-10-14 1 570.76 JON 3KHSL000101398 2021-03-26 2021-03-26 6 2019-10-14 Books - Non Ficton    
          Non-Fiction KH8 Senior School Library KH8 Senior School Library Non Fiction 2019-10-14   570.76 JON 3KHSL000101399 2019-10-14   7 2019-10-14 Books - Non Ficton    
          Non-Fiction KH8 Senior School Library KH8 Senior School Library Non Fiction 2019-10-14 1 570.76 JON 3KHSL000101400 2023-10-25 2021-03-26 8 2019-10-14 Books - Non Ficton    
          Non-Fiction KH8 Senior School Library KH8 Senior School Library Non Fiction 2019-10-14   570.76 JON 3KHSL000101401 2019-10-14   9 2019-10-14 Books - Non Ficton    
          Non-Fiction KH8 Senior School Library KH8 Senior School Library Non Fiction 2021-03-26 3 570.76 JON 3KHSL000101375 2025-06-13 2025-06-13 10 2021-03-26 Books - Non Ficton   2026-07-03

Powered By KH8 IT Dept